Najdôležitejšie zmeny v Zákonníku práce od 1. júla

Zákon č. 408/2002 Z.z., ktorým sa mení a dopĺňa Zákonník práce v nasledujúcich bodoch. Znenie jednotlivých bodov. Zmena nadobudla účinnosť 1.7.2003.

Salvato in:
Dettagli Bibliografici
Autore principale: Jendrálová, Anna
Natura: Capitolo di libro
Lingua:slovacco
Soggetti:
Tags: Aggiungi Tag
Nessun Tag, puoi essere il primo ad aggiungerne!!

MARC

LEADER 00000naa a2200000 4500
001 r049272
005 20230925124505.4
041 0 |a slo 
044 |a SK 
245 1 0 |a Najdôležitejšie zmeny v Zákonníku práce od 1. júla  |c Anna Jendrálová 
520 |a Zákon č. 408/2002 Z.z., ktorým sa mení a dopĺňa Zákonník práce v nasledujúcich bodoch. Znenie jednotlivých bodov. Zmena nadobudla účinnosť 1.7.2003. 
610 2 0 |a zákonník práce 
610 2 0 |a zákony 
610 2 0 |a Slovensko 
610 2 0 |a júl 
610 2 0 |a 2003 
610 2 0 |a novelizácia 
100 1 |a Jendrálová, Anna